Autobiografía y otros escritos / (Record no. 89168)

MARC details
000 -LEADER
campo de control de longitud fija 00861nam a2200217 i 4500
001 - NÚMERO DE CONTROL
campo de control 89168
003 - IDENTIFICADOR DE NÚMERO DE CONTROL
campo de control ES-MaACL
005 - FECHA Y HORA DE LA ÚLTIMA TRANSACCIÓN
campo de control 20250813063310.0
007 - CAMPO FIJO DE DESCRIPCIÓN FÍSICA--INFORMACIÓN GENERAL
campo de control de longitud fija t|
008 - DATOS DE LONGITUD FIJA--INFORMACIÓN GENERAL
campo de control de longitud fija 050105s1973 sp ||||1| spa d
100 1# - ENTRADA PRINCIPAL--NOMBRE DE PERSONA
Nombre de persona Larramendi, Manuel de,
Fechas asociadas al nombre 1690-1766
9 (RLIN) 70303
245 10 - MENCIÓN DEL TÍTULO
Título Autobiografía y otros escritos /
Mención de responsabilidad, etc. Manuel de Larramendi ; edición, introducción e índices por J. Ignacio Tellechea Idígoras.
260 ## - PUBLICACIÓN, DISTRIBUCIÓN, ETC.
Lugar de publicación, distribución, etc. San Sebastián :
Nombre del editor, distribuidor, etc. Sociedad Guipuzcoana de Ediciones y Publicaciones,
Fecha de publicación, distribución, etc. [1973]
300 ## - DESCRIPCIÓN FÍSICA
Extensión XLV, 308 p. ;
Dimensiones 21 cm.
490 1# - MENCIÓN DE SERIE
Mención de serie Obras del Padre Manuel de Larramendi ;
Designación de volumen o secuencia 22
600 14 - PUNTO DE ACCESO ADICIONAL DE MATERIA--NOMBRE DE PERSONA
Nombre de persona Larramendi, Manuel de,
Fechas asociadas al nombre 1690-1766
9 (RLIN) 70303
700 1# - ENTRADA AGREGADA--NOMBRE PERSONAL
Nombre de persona Tellechea Idígoras, José Ignacio,
Fechas asociadas al nombre 1928-2008
9 (RLIN) 109621
830 1# - PUNTO DE ACCESO ADICIONAL DE SERIE-TÍTULO UNIFORME
Título uniforme Obras del Padre Manuel de Larramendi ;
Designación de volumen o secuencia 22
9 (RLIN) 184106
852 ## - LOCALIZACIÓN
Ubicación ES-MaACL
Número de control de estantería C-54880
Holdings
Estatus retirado Estado de pérdida Estado de daño No para préstamo Biblioteca de origen Biblioteca actual Ubicación en estantería Fecha de adquisición Fuente de adquisición Total de préstamos Signatura topográfica completa Código de barras Visto por última vez Precio de reemplazo Tipo de ítem Koha
        Biblioteca del Ateneo de Madrid Biblioteca del Ateneo de Madrid Depósito 2 17/01/2008     C-54880 1093127 23/02/2023 23/02/2023 Libro impreso